000 00862cam a22002174a 4500
001 12747537
005 20241217130224.0
008 020419s2003 njua b 001 0 eng
020 _a9780130615671
050 0 0 _aQP36
_b.M42 2003
082 0 0 _a612
_221
100 1 _aMartini, Frederic H.
245 1 0 _aEssentials of anatomy & physiology /
_cFrederic H. Martini, Edwin F. Bartholomew ; with William C. Ober, art coordinator and illustrator ; Claire W. Garrison, illustrator ; Kathleen Welch, clinical consultant ; Ralph T. Hutchings, biomedical photographer.
250 _a3rd ed.
260 _aUpper Saddle River, N.J. :
_bPearson Education,
_cc2003.
300 _axiii, 642, [53] p. :
_bcol. ill. ;
_c27 cm.
_eCD-ROM (4 3/4 in.)
650 0 _aHuman physiology.
650 0 _aHuman anatomy.
700 1 _aBartholomew, Edwin F.
942 _2lcc
_cBK
_e3rd ed.
_n0
999 _c2396
_d2396